| 000 | 01352cam a2200217 4500 | ||
|---|---|---|---|
| 001 | ##L130283 | ||
| 008 | 050712n1995 000 0 eng u | ||
| 020 | _a1879102005 | ||
| 035 | _a(Sirsi) u130283 | ||
| 041 | 0 | _aeng | |
| 050 | 0 | 4 | _a526.982 $2 18 |
| 110 | 2 |
_aEnvironmental Systems Research Institute _91906 |
|
| 245 | 0 | 0 |
_aUnderstanding GIS _bthe ARC/INFO method |
| 260 |
_aRedlands Ca. _bESRI Press _c1995 |
||
| 300 |
_aca. 400p. _c22cm. |
||
| 350 | _a31.95 | ||
| 490 | _aESRI Self Study Workbook | ||
| 520 | _aWorkbook produced as a hands on guide to GIS technology and a methodology for implementing it. While specific to a particular project, the approach can be modified and applied to many of the functions for which GIS is used. Aimed primarily at beginning ARC/INFO users and as the basis of the computer lab component for university GIS courses. The first three lessons offer an introduction to the field while the concluding lessons are useful for more experienced users: geting spatial data into ARC/INFO; making spatial data available; getting attribute data into ARC/INFO; managing the database; performing geographic analysis; presenting the results of the analysis; and customising ARC/INFO. | ||
| 690 | _aENVIRONMENTAL AND LAND CONSULTANCY-GEOMATICS-MAPPING AND POSITIONING-GLOBAL AND LOCAL NAVIGATION SYSTEMS | ||
| 942 | _n0 | ||
| 999 |
_c104423 _d104423 |
||